Sách dạy tập viết dành cho học sinh tiểu học, tập 5

Bewaard in:
Bibliografische gegevens
Formaat: Boek
Tags: Voeg label toe
Geen labels, Wees de eerste die dit record labelt!
Thư viện lưu trữ: Mạng thư viện Đại học Đà Nẵng
LEADER 00439nam a22001691a 4500
001 000039600
003 15895
005 20160412022622.0
008 160412s0 000
082 |a 4N(TK)215 
245 |a Sách dạy tập viết dành cho học sinh tiểu học, tập 5 
OWN |a LNN 
999 |a From the UDN01 
TYP |a Monograph 
980 |a Mạng thư viện Đại học Đà Nẵng